Представление документа в формате RUSMARC

ПолеНазваниеЗначение
  Тип записи a
  Библиографический уровень a
001 Контрольный номер RU/CBS_Ul/BASE/449146670
005 Дата корректировки 20240209175137.2
100 Данные общей обработки __
a Данные общей обработки 20140326d2014 ||| 0rusy0189 ca
101 Язык документа 0_
a Язык текста rus
102 Страна публикации __
a Страна публикации RU
105 Кодированные данные (монография) __
a Кодированные данные (монография) y###||||000|y
200 Заглавие и сведения об ответственности 1_
a Заглавие Главная икона дома Романовых: Почему многие русские царицы носили отчество Фёдоровна?
b Общее обозначение материала Текст
e Сведения, относящиеся к заглавию [Фёдоровская иикона Божьей Матери]
f Первые сведения об ответственности Н. Зимянина
300 Общие примечания __
a Общие примечания Ограничения по возрасту - 16+
461 Уровень набора _0
1 2000
a Чудеса и приключения
463 Уровень физической единицы _0
1 001RU/CBS_Ul/BASE/449144384
1 2000
a №3
v С.30-34
1 210
d 2014
610 Ключевые слова 0_
a Ключевые слова иконы
a Ключевые слова сила веры
a Ключевые слова религия
a Ключевые слова икона дома Романовых
686 Индексы других классификаций __
a Классификационный индекс 86.37
2 Код системы ББК
686 Индексы других классификаций __
a Классификационный индекс 63.3(2)
2 Код системы ББК
700 Автор _1
a Фамилия Зимянина
b Имя (инициалы) Н.
801 Источник записи _0
a Страна RU
b Организация МБУК ЦБС г. Ульяновска
c Дата составления 20140326
g Правила каталогизации RCR
801 Источник записи _1
a Страна RU
b Организация МБУК ЦБС г. Ульяновска
c Дата составления 20140326
g Правила каталогизации RCR
901 Тип документа __
t Тип документа b
w Контрольный № источника RU/CBS_Ul/BASE/449144384
910 Корректоры записи __
a Корректор записи Библиотека 27
938 Служебная информация __
a Имя БД period